| 000 | 00747nam a22002177a 4500 | ||
|---|---|---|---|
| 999 |
_c5787 _d5787 |
||
| 001 | 5787 | ||
| 003 | BD-JhCC | ||
| 005 | 20220522134022.0 | ||
| 008 | 171218s20092016bg a|||| ||a| 000 0 ben d | ||
| 035 | _a(BD-JhCC)5787 | ||
| 040 |
_aBD-JhCC _dBD-JhCC |
||
| 041 | _aben | ||
| 082 |
_a001 _bMAM 2009 |
||
| 100 | _aমামুন, রেজাউল করিম | ||
| 245 |
_aসাধারণ জ্ঞান নতুন বিশ্ব বাংলাদেশ ও আন্তর্জাতিক / _cরেজাউল করিম মামুন |
||
| 260 |
_aঢাকা : _bপ্রফেসরস প্রকাশন, _c2009. |
||
| 300 |
_a p. : _c22 cm. |
||
| 650 | _aGeneral Knowledge | ||
| 942 |
_2ddc _cBK _011 |
||